Articulismo español contemporáneo: una antología

Guardat en:
Dades bibliogràfiques
Autor principal: Miguel, Pedro de (autor)
Format: Llibre
Idioma:espanyol
Publicat: Madrid Mare Nostrum Comunicación 2004
Edició:1a. ed
Col·lecció:Clásicos Marenostrum
Matèries:
Etiquetes: Afegir etiqueta
Sense etiquetes, Sigues el primer a etiquetar aquest registre!

MARC

LEADER 00000nam a2200000 a 4500
001 UCK1582
003 CL-VaPUC
008 041119e20040000SP |||||||||||||||||spa|d
020 |a 8495509644 
082 0 4 |a 070.44  |b MIG  |2 21 
100 |a Miguel, Pedro de  |e autor  |9 489464 
245 1 0 |a Articulismo español contemporáneo: una antología 
250 |a 1a. ed 
300 |a 301 p 
942 |c BK 
945 |d 20041119 00:00:00  |a cmena 
260 |a Madrid  |b Mare Nostrum Comunicación  |c 2004 
650 0 |a Periodismo   |9 310113 
650 0 |a Artículos periodísticos  |9 403045 
650 0 |a Medios de comunicación de masas  |9 257273 
650 0 |a Opinión pública  |9 255512 
650 0 |a Libertad de prensa  |9 255610 
583 |a last modification  |c 20041119 00:00:00  |k Rodrigo Vera 
490 0 |a Clásicos Marenostrum 
999 |c 311491  |d 311489 
952 |0 0  |1 0  |4 0  |6 070_440000000000000_MIG_2004  |7 0  |8 A  |9 380921  |a BIBCUR  |b BIBCUR  |d 2019-11-21  |i 4079272  |o 070.44 MIG 2004  |p 4079272  |r 2025-04-22  |w 2019-11-21  |y BK  |k PER